000
00281nam a22001097a 4500
003
OSt
005
20260224124446.0
008
260224b |||||||| |||| 00| 0 eng d
040
_c
kenyatta University
245
_a
Policy on Gender Based Violence and Sexual Harassment
942
_2
ddc
_c
BK
999
_c
4173
_d
4173